00474nam a2200193Ia 4500001000700000003000500007008004100012010001100053040000900064082001200073100002300085245005200108260003900160300001100199440003000210500000500240503000500245650003000250Z_3234CHAP220113s1999 xx 000 0 und d a166342 cCHAP a860 P38 aPaso, Fernando del aNoticias del imperio /cpor Fernando del Paso aMéxico, D. F. :bPlaneta,c1999 a670 p. aNarrativa actual mexicana a a aLiteratura mexicana I. t.